Algo acerca de matemática aplicada

Bibliographic Details
Main Authors: Tijonov, Kostomarov, D. P
Format: Section = Libro
Language:Undetermined
Spanish
Published: URSS Mir Moscú 1983
Subjects:
LEADER 00553nam a2200217Ia 4500
008 240830s9999 xx 000 0 und d
040 |a B-ESTELÍ- RUACS / 519 T551 
041 |a spa 
082 |a 519 T551 
100 1 |a Tijonov 
100 1 |b  Kostomarov, D. P 
245 1 0 |a Algo acerca de matemática aplicada 
260 |a URSS  |b Mir Moscú  |c 1983 
300 |a 294 p:il 
650 7 |a MATEMATICASALGORITMOS 
650 7 |b  ORDENADORES 
650 7 |c  PROGRAMACION 
650 7 |d  ECUACIONES DIFERENCIALES. 
942 |c BK  |2 ddc 
991 |a TEXTO 
999 |c 10973